00547nam a22001817a 450000500170000001000150001702000270003203500140005903700130007308200080008624500330009426000590012727000730018630000200025950000450027994200220032499900190034620230831165516.0 aENG-137925 c1025.00a9789357052139 aEN-121455 bDBAD/PUB a624 a2024 Civil Engineering GATE/ aNoidabPearson India Education Services Pvt Ltdc2023 aIst Floor, Berger Tower, Plot No C-001A/2 Sector 16B bNoidae201301 avpp.c28cm(pbk) aComprehensive Guide To Boost Preparation 2ddccENmGATh624 c197737d197737